000 00338nam a22001337a 4500
005 20230718132152.0
008 230718b ||||| |||| 00| 0 eng d
040 _cAL
041 _aeng
100 _aAparnaji N R
_9127572
245 _aElements of Indian economics
260 _aNew Delhi
_bCambridge Publishers
_c1996
942 _2ddc
_cBK
999 _c227953
_d227953